French-english and english-french dictionary / (Record no. 137091)
[ view plain ]
| 000 -LEADER | |
|---|---|
| fixed length control field | 00597nam a2200193 4500 |
| 010 ## - LIBRARY OF CONGRESS CONTROL NUMBER | |
| LC control number | 006439 |
| 035 ## - SYSTEM CONTROL NUMBER | |
| System control number | 006439 |
| 037 ## - SOURCE OF ACQUISITION | |
| Source of stock number/acquisition | Cen Lib / Ret |
| 040 ## - CATALOGING SOURCE | |
| Original cataloging agency | DPL |
| Language of cataloging | En |
| 082 ## - DEWEY DECIMAL CLASSIFICATION NUMBER | |
| Classification number | 603 |
| Item number | KET |
| 100 ## - MAIN ENTRY--PERSONAL NAME | |
| Personal name | Kettridge, J. O. |
| 245 ## - TITLE STATEMENT | |
| Title | French-english and english-french dictionary / |
| Statement of responsibility, etc | by J. O. Kettridge |
| 260 ## - PUBLICATION, DISTRIBUTION, ETC. (IMPRINT) | |
| Place of publication, distribution, etc | London |
| Name of publisher, distributor, etc | Routledge & Kegan Paul Ltd |
| Date of publication, distribution, etc | 1950 |
| 270 ## - ADDRESS | |
| Address | Routledge & Kegan Paul Ltd |
| City | London |
| 300 ## - PHYSICAL DESCRIPTION | |
| Extent | v 2. 545-1137p |
| Dimensions | 27cm(Hb) |
| 650 ## - SUBJECT ADDED ENTRY--TOPICAL TERM | |
| Topical term or geographic name as entry element | French language -- Dictionaries -- English. |
| 650 ## - SUBJECT ADDED ENTRY--TOPICAL TERM | |
| Topical term or geographic name as entry element | French language. |
| 942 ## - ADDED ENTRY ELEMENTS (KOHA) | |
| Source of classification or shelving scheme | Dewey Decimal Classification |
| Koha item type | English Books |
| Classification part | 603 |
| Call number suffix | KET |
| Withdrawn status | Lost status | Materials specified (bound volume or other part) | Damaged status | Not for loan | Home library | Current library | Date acquired | Source of acquisition | Total Checkouts | Full call number | Barcode | Date last seen | Copy number | Price effective from | Koha item type |
|---|---|---|---|---|---|---|---|---|---|---|---|---|---|---|---|
| v 2 | Central Library | Central Library | 16/03/2016 | Cen Lib/Ret | 603 KET | 006439 | 16/03/2016 | 1 | 16/03/2016 | English Books |
